| 000 | 00596nam a2200193 i 4500 | ||
|---|---|---|---|
| 001 | bg | ||
| 100 | 1 | _aGRABOWSKI, Jan Ireneusz | |
| 245 | 0 |
_aĆwiczenia laboratoryjne z chemii / _cJan Ireneusz Grabowski. |
|
| 260 |
_aKielce : _bKielecko-Radomska WSInż., _c1973. |
||
| 300 |
_as. 125 : _brys., tab. |
||
| 490 | 1 |
_aSkrypty Uczelniane Kielecko-Radomskiej WSInż. ; _vNr 8 |
|
| 504 | _a[Zawiera bibliogr. s. 125]. | ||
| 830 | _aSkrypty Uczelniane Kielecko-Radomskiej WSInż. ; | ||
| 040 | _cBPK | ||
| 041 | _apol | ||
| 080 | _a543 | ||
| 942 | _cKS | ||
| 008 | s pl f |000 0 pol | ||
| 999 |
_c25977 _d25977 |
||
| 856 |
_uhttp://koha.tu.koszalin.pl/cgi-bin/koha/opac-detail.pl?biblionumber=25977 _yKatalog online BPK |
||